ODTAVOVACIE STYKOVÉ ZVÁRANIE KOĽAJNÍC

Bibliographic Details
Main Author: Furjel, Anton (Author)
Format: Article
Language:Slovak
ISBN:8023103539

MARC

LEADER 00000naa a2200000uu 4500
001 vtls011034011
003 SK-MaSNL
005 20260302124806.0
008 220817|2002 xo |||||||||||||||||slo|
015 |a SNBRA 
035 |a (urnnbn)urn:nbn:sk:snk:ar-008si6 
035 |a (uuid)e527ccee-84a5-4f74-95c6-4bf7408a6833 
035 |a urn:nbn:sk:snk-aauoch 
040 |a SNKBUCL  |b slo  |c SNKBUCL  |e AACR2 
041 0 |a slo 
044 |a xo  |c SK 
100 1 |a Furjel, Anton  |4 aut  |9 790062 
245 1 0 |a ODTAVOVACIE STYKOVÉ ZVÁRANIE KOĽAJNÍC  |c Anton Furjel 
773 0 |t Zváranie a naváranie koľajníc  |d Žilina : Dom techniky ZSVTS, 2002  |g S. 3-9  |z 8023103539 
954 |a odborná, vedecká literatúra pôvodná (slovenská)  |2 lita 
958 |a OND 
958 |a article12 
958 |a chapter 
999 |c 1290134  |d 1292064